Přehled bazí dat VTEI zpřístupňovaných čs. uživatelům 2

Uložené v:
Podrobná bibliografia
Médium: Kniha
Jazyk:Czech
Vydavateľské údaje: Praha Ústředí vědeckých, technických a ekonomických informací 1986
Vydanie:3. přeprac. a dopln. vyd.
Tagy: Pridať tag
Žiadne tagy, Buďte prvý, kto otaguje tento záznam!

MARC

LEADER 00000nam a2200000 4500
001 c103339
005 20251204121358.5
041 0 |a cze 
044 |a CZ 
245 1 0 |a Přehled bazí dat VTEI zpřístupňovaných čs. uživatelům 2 
250 |a 3. přeprac. a dopln. vyd. 
264 1 |a Praha  |b Ústředí vědeckých, technických a ekonomických informací  |c 1986 
300 |a 108 s.